[Event "ENG Civil Service-ch 11th"]
[Site "Leeds"]
[Date "2001.07.25"]
[Round "1"]
[White "Lewyk, Ihor"]
[Black "Reese, Jon D"]
[Result "1-0"]
[WhiteElo "1880"]
[BlackElo "1536"]
[PlyCount "97"]
[EventDate "2001.07.25"]
[EventType "swiss"]
[EventRounds "5"]
[EventCountry "ENG"]
[SourceTitle "EXT 2002"]
[Source "ChessBase"]
[SourceDate "2001.11.25"]
[SourceVersion "1"]
[SourceVersionDate "2001.11.25"]
[SourceQuality "1"]

1. e4 d5 2. exd5 Qxd5 3. Nc3 Qa5 4. d4 Nf6 5. Bd2 c6 6. Bd3 Bg4 7. f3 Bh5 8. Nge2 Nbd7 9. Nf4 Bg6 10. Ne4 Qb6 11. Bc3 Nxe4 12. fxe4 0-0-0 13. Qf3 e6 14. h4 h6 15. Nxg6 fxg6 16. Qg4 e5 17. dxe5 Qe3+ 18. Qe2 Qg3+ 19. Qf2 Qxf2+ 20. Kxf2 Bc5+ 21. Ke2 Rhf8 22. Rhf1 Rxf1 23. Rxf1 Nf8 24. b4 Be7 25. g3 Ne6 26. Rf7 Kd7 27. Bc4 g5 28. Bxe6+ Kxe6 29. Rxg7 c5 30. bxc5 Bxc5 31. Rg6+ Ke7 32. Rxh6 gxh4 33. gxh4 Rf8 34. h5 Rf2+ 35. Kd3 b5 36. Rf6 Rh2 37. Rf3 Rxh5 38. Bd4 Bb4 39. Bxa7 Rxe5 40. Kd4 Re6 41. Bc5+ Bxc5+ 42. Kxc5 Rxe4 43. Kxb5 Re2 44. Rc3 Re5+ 45. Rc5 Re1 46. a4 Rb1+ 47. Kc6 Ke6 48. a5 Rb8 49. a6 1-0

[Event "Leeds Civil Service-ch 9th"]
[Site "Leeds"]
[Date "1999.??.??"]
[Round "5"]
[White "Lewyk, Ihor"]
[Black "Reese, Jon D"]
[Result "1-0"]
[WhiteElo "1975"]
[BlackElo "1640"]
[PlyCount "73"]
[EventDate "1999.??.??"]
[EventType "swiss"]
[EventRounds "5"]
[EventCountry "ENG"]
[SourceTitle "EXT 2000"]
[Source "ChessBase"]
[SourceDate "1999.11.16"]
[SourceVersion "1"]
[SourceVersionDate "1999.11.16"]
[SourceQuality "1"]

1. e4 g6 2. d4 Bg7 3. Nc3 c6 4. Be3 d6 5. Be2 Nf6 6. f3 h5 7. Qd2 b5 8. 0-0-0 a5 9. e5 dxe5 10. dxe5 Qxd2+ 11. Rxd2 b4 12. Na4 Nd5 13. Rxd5 cxd5 14. Nb6 Bb7 15. Nxa8 Bxa8 16. Bb5+ Bc6 17. Bxc6+ Nxc6 18. f4 f6 19. exf6 Bxf6 20. Nf3 0-0 21. Rd1 e6 22. g3 Rc8 23. Bd4 Nxd4 24. Nxd4 Bxd4 25. Rxd4 Kf7 26. Kd2 Kf6 27. Rd3 Rc4 28. c3 bxc3+ 29. Rxc3 Rxc3 30. Kxc3 e5 31. fxe5+ Kxe5 32. Kd3 Kd6 33. Kd4 Kc6 34. b3 Kd6 35. a3 Kc6 36. b4 axb4 37. axb4 1-0

[Event "Leeds Civil Service-ch 9th"]
[Site "Leeds"]
[Date "1999.??.??"]
[Round "1"]
[White "Reese, Jon D"]
[Black "Lyne, Colin J"]
[Result "1/2-1/2"]
[WhiteElo "1640"]
[BlackElo "1960"]
[PlyCount "58"]
[EventDate "1999.??.??"]
[EventType "swiss"]
[EventRounds "5"]
[EventCountry "ENG"]
[SourceTitle "EXT 2000"]
[Source "ChessBase"]
[SourceDate "1999.11.16"]
[SourceVersion "1"]
[SourceVersionDate "1999.11.16"]
[SourceQuality "1"]

1. d4 Nf6 2. Nf3 e6 3. g3 d5 4. Bg2 Be7 5. 0-0 0-0 6. Nbd2 c5 7. c3 Nc6 8. Re1 b6 9. e4 dxe4 10. Nxe4 Nxe4 11. Rxe4 Bb7 12. h4 Qd7 13. Bg5 Bxg5 14. Nxg5 Rad8 15. Nf3 Qd6 16. Qa4 Rd7 17. dxc5 Qxc5 18. Rae1 Rfd8 19. R4e2 b5 20. Qc2 h6 21. Rd2 Rxd2 22. Nxd2 Nd4 23. Qb1 Bxg2 24. Kxg2 Qd5+ 25. Qe4 Nf5 26. Qxd5 Rxd5 27. Re2 Kf8 28. Ne4 Ke7 29. Rd2 Rxd2 1/2-1/2

[Event "Leeds Civil Service-ch 9th"]
[Site "Leeds"]
[Date "1999.??.??"]
[Round "2"]
[White "Wedlock, Stephen L"]
[Black "Reese, Jon D"]
[Result "1-0"]
[WhiteElo "1775"]
[BlackElo "1640"]
[PlyCount "77"]
[EventDate "1999.??.??"]
[EventType "swiss"]
[EventRounds "5"]
[EventCountry "ENG"]
[SourceTitle "EXT 2000"]
[Source "ChessBase"]
[SourceDate "1999.11.16"]
[SourceVersion "1"]
[SourceVersionDate "1999.11.16"]
[SourceQuality "1"]

1. e4 g6 2. d4 Bg7 3. Nc3 c6 4. Nf3 d5 5. e5 h5 6. Bd3 Nh6 7. h3 Bf5 8. Bxh6 Bxh6 9. Bxf5 gxf5 10. e6 fxe6 11. Ne5 Bg7 12. Ng6 Rh6 13. Nf4 Qb6 14. Nxh5 Bxd4 15. 0-0 c5 16. Na4 Qc6 17. c3 Bh8 18. b3 Nd7 19. Rc1 0-0-0 20. Nf4 Rg8 21. Re1 Be5 22. Nd3 d4 23. f3 Qd6 24. Nxe5 Nxe5 25. cxd4 Nxf3+ 26. Qxf3 Qxd4+ 27. Qf2 Qxf2+ 28. Kxf2 b6 29. b4 Rhg6 30. Rg1 Kb7 31. bxc5 b5 32. c6+ Kc7 33. Nb2 e5 34. Nd3 e4 35. Nb4 Rd6 36. Rgd1 a5 37. Nd5+ Kd8 38. c7+ Kd7 39. Nb6+ 1-0